000
00299nam a2200121Ia 4500
999
_c
5999
_d
5999
003
OSt
008
201027b ||||| |||| 00| 0 eng d
100
_a
ROGERS, David F.
245
_a
Mathematical Elements for Computer Graphics
260
_a
N.Delhi
_b
TMH
_c
2012
300
_a
611.
942
_2
ddc
_c
BK